| 000 | 00632nam a2200181Ia 4500 | ||
|---|---|---|---|
| 003 | GCL | ||
| 005 | 20240530104627.0 | ||
| 008 | 140319s9999 xx 000 0 ara d | ||
| 040 |
_aGCL / _cGCL |
||
| 082 | 0 | 4 |
_a962.05 _bق/ج م |
| 100 | 1 | _aجلال يحيى | |
| 245 | 1 | 0 |
_aمصر الحديثة 1919 - 1952 / _cتاليف جلال يحيى ، خالد نعيم |
| 260 |
_aالقاهرة : _bالمكتب الجامعى الحديث ، _c1988 |
||
| 300 |
_a532 ص ؛ _c24 سم |
||
| 490 |
_aسلسلة كتب التاريخ الحديث والمعاصر _v1 |
||
| 700 | 1 |
_aخالد نعيم _eمولف مشارك |
|
| 942 |
_2ddc _cBK |
||
| 999 |
_c49322 _d49322 |
||